000 00314cam a2200121ua 4500
020 _a81 7233 087 7
082 _a627.54
_bAWA/DR
245 _aDrainage Manual: A Water Resources Technical Publication
250 _a3 /
260 _aJodhpur :
_bScientific Publishers ,
_c1995.
300 _a321 ; .
942 _cREF
999 _c5936
_d5936